<?xml version="1.0" encoding="UTF-8"?>
<collection xmlns="http://www.loc.gov/MARC21/slim">
    <record>
        <controlfield tag="001">67329</controlfield>
        <controlfield tag="005">20180223094852.0</controlfield>
        <datafield tag="037" ind1=" " ind2=" ">
            <subfield code="a">GDOC-2016-30600</subfield>
        </datafield>
        <datafield tag="041" ind1=" " ind2=" ">
            <subfield code="a">spa</subfield>
        </datafield>
        <datafield tag="100" ind1=" " ind2=" ">
            <subfield code="0">(orcid)0000-0002-2897-1744</subfield>
            <subfield code="1">131489</subfield>
            <subfield code="a">Brusca Alijarde, María Isabel</subfield>
        </datafield>
        <datafield tag="245" ind1="0" ind2="0">
            <subfield code="9">30600</subfield>
            <subfield code="a">Contabilidad Financiera I</subfield>
        </datafield>
        <datafield tag="242" ind1="0" ind2="0">
            <subfield code="9">30600</subfield>
            <subfield code="a">Financial Accounting I</subfield>
        </datafield>
        <datafield tag="260" ind1=" " ind2=" ">
            <subfield code="a">Zaragoza</subfield>
            <subfield code="b">Universidad de Zaragoza</subfield>
            <subfield code="c">2016-2017</subfield>
        </datafield>
        <datafield tag="520" ind1=" " ind2=" ">
            <subfield code="a">Breve presentación de la asignatura
La disponibilidad de información económico-financiera adecuada y en tiempo oportuno es una necesidad ineludible en un entorno globalizado como el actual. La contabilidad financiera es un sistema de información que desempeña un papel crucial en el proceso de toma de decisiones en cualquier ámbito de la actividad económica. En esta asignatura preparamos a los estudiantes para ser capaces de registrar la realidad económico-financiera en los libros de contabilidad, y poder elaborar e interpretar la información de síntesis sobre la riqueza de las entidades y sus variaciones, que se proporcionará a los diferentes usuarios interesados.</subfield>
            <subfield code="b">Brief presentation of the course
The availability of adequate and timely economic-financial information is an unavoidable need in a globalized environment such as the current one. Financial accounting is an information system that plays a crucial role in the decision-making process in whatever ambit of economic activity. In this course, students are prepared to be able of registering the economic and financial reality in the accounting ledgers and of elaborating and interpreting the synthesised information that will be provided to different interested users about the wealth of the entities and its variations.</subfield>
        </datafield>
        <datafield tag="521" ind1=" " ind2=" ">
            <subfield code="9">154</subfield>
            <subfield code="a">PCEO Grado en Derecho / Grado en Administración y Dirección de Empresas</subfield>
        </datafield>
        <datafield tag="540" ind1=" " ind2=" ">
            <subfield code="a">by-nc-sa</subfield>
            <subfield code="b">Creative Commons</subfield>
            <subfield code="c">3.0</subfield>
            <subfield code="u">http://creativecommons.org/licenses/by-nc-sa/3.0/</subfield>
        </datafield>
        <datafield tag="700" ind1=" " ind2=" ">
            <subfield code="0">(orcid)0000-0002-1274-7561</subfield>
            <subfield code="1">140246</subfield>
            <subfield code="a">Ansón Lapeña, José Ángel</subfield>
        </datafield>
        <datafield tag="830" ind1=" " ind2=" ">
            <subfield code="9">432</subfield>
        </datafield>
        <datafield tag="856" ind1="4" ind2=" ">
            <subfield code="s">17192</subfield>
            <subfield code="u">http://zaguan.unizar.es/record/67329/files/guia-30600-en.pdf</subfield>
            <subfield code="y">Guide (english)</subfield>
        </datafield>
        <datafield tag="856" ind1="4" ind2=" ">
            <subfield code="s">17723</subfield>
            <subfield code="u">http://zaguan.unizar.es/record/67329/files/guia-30600-es.pdf</subfield>
            <subfield code="y">Guía (idioma español)</subfield>
        </datafield>
        <datafield tag="970" ind1=" " ind2=" ">
            <subfield code="a">GDOC-2016-30600</subfield>
        </datafield>
        <datafield tag="980" ind1=" " ind2=" ">
            <subfield code="a">GDOC</subfield>
            <subfield code="b">Ciencias sociales y jurídicas</subfield>
            <subfield code="c">102</subfield>
        </datafield>
        <datafield tag="980" ind1=" " ind2=" ">
            <subfield code="a">GDOC</subfield>
            <subfield code="b">Ciencias sociales y jurídicas</subfield>
            <subfield code="c">109</subfield>
        </datafield>
    </record>

    
</collection>